Έρευνες για την ουσία της ανθρώπινης ελευθερίας

Saved in:
Bibliographic Details
Main Author: Schelling, Friedrich Wilhelm Joseph von, 1775-1854
Other Authors: Μαρσέλλος, Χρήστος (Translator)
Format: Book
Language:Greek
German
Published: Αθήναι : Ίνδικτος, 1997.
Subjects:
Tags: Add Tag
No Tags, Be the first to tag this record!

MARC

LEADER 00000cam a2200000 i 4500
001 1/37793
008 061120s1997 gr | ||| |||| | gre||
020 |a 960518012X 
035 |l 10086181 
040 |a GR-MyUa   |b gre   |e AACR2  
041 1 |a gre  |h ger 
082 7 |a 123.5   |2 (22)  
100 1 |a Schelling, Friedrich Wilhelm Joseph von,   |d 1775-1854. 
245 1 0 |a Έρευνες για την ουσία της ανθρώπινης ελευθερίας /   |c W. J. Schelling ; μετάφραση: Χρήστου Μαρσέλλου.  
260 |a Αθήναι :   |b Ίνδικτος,   |c 1997.  
300 |a 125 σ. ;   |c 21 εκ.  
500 |a Τίτλος πρωτοτύπου: Philosophische Untersuchungen uber das Wesen der menschlichen Freiheit. 
650 0 |a Liberty. 
650 0 |a Free will and determinism. 
650 0 |a Good and evil. 
700 1 |a Μαρσέλλος, Χρήστος,  |e trl 
852 |a INST  |b RHODES  |c KRI  |e 20061120  |h  123.5 SCH  |p 005400023903  |q 005400023903  |t BK  |y 0 
901 |a BIBL4-2006-3 
970 |a Κόζα   |b Μαρία   |z 2006/11/20